000 00410nam a2200145Ia 4500
008 220216s9999 xx 000 0 und d
100 _aNair A.N.S.
245 0 _aDiscriminatory fertilizer usage in rubber: A case study
260 _bRubber Board Bulletin
_c1987
300 _a27-30
650 _aDiscriminatory fertilizer application
700 _aKarthikakuttyamma M.
700 _aMathew M.
942 _cBS
999 _c48451
_d48451